Towards appropriate assessment of plans (Record no. 77904)

MARC details
000 -LEADER
fixed length control field 01345cab a2200193 4500
001 - CONTROL NUMBER
control field ##L135474
008 - FIXED-LENGTH DATA ELEMENTS--GENERAL INFORMATION
fixed length control field 061030n2006 000 0 eng u
035 ## - SYSTEM CONTROL NUMBER
System control number (Sirsi) u135474
041 0# - LANGUAGE CODE
Language code of text/sound track or separate title eng
100 1# - MAIN ENTRY--PERSONAL NAME
Personal name Therivel, Riki
245 00 - TITLE STATEMENT
Title Towards appropriate assessment of plans
260 ## - PUBLICATION, DISTRIBUTION, ETC.
Date of publication, distribution, etc. 2006
490 #0 - SERIES STATEMENT
Series statement Town & Country Planning
Volume/sequential designation 75(10) October 2006, 273-277(5)
520 ## - SUMMARY, ETC.
Summary, etc. Discusses Appropriate Assessment (AA) of land plans which could have an impact on a special protection area for birds or special area of conservation for habitats. The requirement for AA is established by the habitats directive Arts 6(3) and 6(4) (Directive 94/43/EEC). Explains what AA is and focuses on the screening process and the assessment of alternative solutions. Covers recent AA activity. Advises on how AA can be carried out and provides tips on effective AA. Presents information boxes on Arts 6(3) and 6(4) of the directive, AA regulation and guidance, examples of initial screening, no significant in combination impact, possibly significant impact and simple avoidance measures, and no significant in combination impact and more complete avoidance/mitigation measures. Notes.
590 ## - LOCAL NOTE (RLIN)
Local note IKA311006
651 #4 - SUBJECT ADDED ENTRY--GEOGRAPHIC NAME
Geographic name United Kingdom
Chronological subdivision
690 ## - LOCAL SUBJECT ADDED ENTRY--TOPICAL TERM (OCLC, RLIN)
Topical term or geographic name as entry element ENVIRONMENTAL AND LAND CONSULTANCY-PLANNING AND DEVELOPMENT-DEVELOPMENT APPRAISAL
942 ## - ADDED ENTRY ELEMENTS (KOHA)
Suppress in OPAC 0
Holdings
Withdrawn status Lost status Source of classification or shelving scheme Damaged status Not for loan Home library Current library Shelving location Date acquired Total Checkouts Full call number Barcode Date last seen Copy number Price effective from Koha item type
    Dewey Decimal Classification     London London Journal article 30/10/2006   L135474 135474-1001 06/08/2019 1 06/08/2019 Journal article